Respuesta del peinemono (Apeiba aspera Aubl.) a diferentes tipos de espaciamiento y época de poda en Tumaco y bajo Calima, Colombia / (Registro nro. 1988)
[ vista simple ]
| 000 -CABECERA | |
|---|---|
| Campo de control | 00918nam a2200241 a 4500 |
| 005 - FECHA Y HORA DE LA ULTIMA TRANSACCION | |
| Campo de control | 20160307152454.0 |
| 008 - ELEMENTOS DE LONGITUD FIJA—INFORMACION GENERAL | |
| Campo de control | 140303b1991 ck d fr|||| 00| 0 spa d |
| 040 ## - FUENTE DE CATALOGACIÓN | |
| Agencia catalogadora original | CO-BoIAVH |
| Agencia transcriptora | CO-BoIAVH |
| 041 0# - IDIOMA | |
| Código de idioma para texto/pista de sonido o título separado | Español |
| 044 ## - PAÍS DE PUBLICACIÓN | |
| País de publicación | Colombia |
| 082 04 - NUMERO DE CLASIFICACION DECIMAL DEWEY | |
| Número de clasificación | 634.95 |
| Número del ítem | T84r |
| 100 1# - ASIENTO PRINCIPAL--NOMBRE PERSONAL | |
| Nombre personal | Triviño Díaz, Trino |
| 9 (RLIN) | 11616 |
| 245 10 - MENCION DE TITULO | |
| Título | Respuesta del peinemono (Apeiba aspera Aubl.) a diferentes tipos de espaciamiento y época de poda en Tumaco y bajo Calima, Colombia / |
| Mención de responsabilidad | Trino Triviño Díaz y Hugo Martínez Higuera |
| 260 ## - PUBLICACION, DISTRIBUCION, ETC. (PIE DE IMPRENTA) | |
| Lugar de publicación, distribución, etc. | Bogotá : |
| Nombre del editor, distribuidor, etc. | INDERENA : |
| -- | CONIF, |
| Fecha de publicación, distribución, etc. | 1991. |
| 300 ## - DESCRIPCION FISICA | |
| Extensión | 26 páginas : |
| Otros detalles físicos | tablas y gráifcas ; |
| Dimensiones | 27 x 21 centímetros |
| 490 ## - MENCION DE SERIE | |
| Mención de serie | Plan de acción forestal para Colombia PAFC ; |
| Designación numérica/secuencial del volumen | 43 |
| 650 #6 - ASIENTO SECUNDARIO DE MATERIA - TERMINO TEMATICO | |
| Término temático o nombre geográfico como elemento de entrada | Recursos forestales |
| 9 (RLIN) | 63732 |
| 650 #6 - ASIENTO SECUNDARIO DE MATERIA - TERMINO TEMATICO | |
| Término temático o nombre geográfico como elemento de entrada | Silvicultura |
| 9 (RLIN) | 63733 |
| 650 #6 - ASIENTO SECUNDARIO DE MATERIA - TERMINO TEMATICO | |
| Término temático o nombre geográfico como elemento de entrada | Aprovechamiento forestal |
| 9 (RLIN) | 63734 |
| 662 ## - ASIENTO SECUNDARIO DE MATERIA - JERARQUIA DEL NOMBRE DE LUGAR( | |
| País o entidad mayor | Colombia |
| Jurisdicción política de primer orden | Nariño |
| Jurisdicción política intermedia | Bajo Calima |
| Ciudad | Tumaco |
| 662 ## - ASIENTO SECUNDARIO DE MATERIA - JERARQUIA DEL NOMBRE DE LUGAR( | |
| País o entidad mayor | Colombia |
| Jurisdicción política de primer orden | Valle |
| 942 ## - ELEMENTOS ADICIONALES (KOHA) | |
| Tipo de ítem | Folleto |
| Sistema de clasificación | Local |
| Withdrawn status | Lost status | Sistema de Clasificación | Damaged status | No para préstamo | Colección | Inventariado | Ubicación Permanente | Ubicación actual | Fecha de adquisición | Total Checkouts | Número topográfico | Inventario / Código de Barras | Date last seen | Ejemplar | Price effective from | Forma de adquisición | Tipo de material |
|---|---|---|---|---|---|---|---|---|---|---|---|---|---|---|---|---|---|
| Dewey Decimal Classification | General | Inventariado 2017 | Bogotá | Bogotá | 26/01/2001 | LB-634.95 T84r | 002469 | 04/12/2012 | Ej. 1 | 04/12/2012 | Folleto | ||||||
| Dewey Decimal Classification | General | Inventariado 2017 | Bogotá | Bogotá | 18/07/2007 | LB-634.95 T84r | 024758 | 04/12/2012 | Ej. 2 | 04/12/2012 | Donación | Folleto |